000 00725nam a22002177a 4500
005 20251108165857.0
008 250721s1984 xx 000 0 ara d
082 1 4 _aط/915.63/راس
100 1 _aالراس، شريف
_eمؤلف
245 1 0 _aبغداد /
250 _aط2
264 1 _aبيروت :
_bمركز دراسات الوحدة العربية،
_c1984.
300 _a20ص.
490 0 _aربوع بلادي : سلسلة كتب مصورة لتعريف الناشئة العرب بمدن وطنهم الكبير
_v2
650 1 7 _aالعراق
650 1 7 _aالرحلات و السفر
650 1 7 _aالأسفار
653 _aناشئون صغار (10-14) سنة
942 _2ddc
_cBK
999 _c33669
_d33669